| 000 | 00967cab a2200253 4500 | ||
|---|---|---|---|
| 001 | ABS58201 | ||
| 008 | 090401t1997 xxu||||| |||| 00| 0 eng d | ||
| 035 | _a(Sirsi) u83150 | ||
| 041 | _aeng | ||
| 100 | _aCollar, N. | ||
| 245 | _aRetail development, development plans and listed buildings | ||
| 260 | _c1997 | ||
| 350 | _a0 | ||
| 490 |
_aProperty Law _v(30) December 1997, 6-7(2) |
||
| 520 | _aDiscusses the House of Lords decision "City of Edinburgh DC v Secretary of State for Scotland", the Redford Barracks case (see ABS55396). The HL upheld the reporter`s decision to grant permission for a food store development, as the building was not listed and so no consent was required for demolition. | ||
| 650 | _aEDINBURGH CITY COUNCIL V SOS SCOTLAND | ||
| 650 | _aDEVELOPMENT PLANS | ||
| 650 | _aLISTED BUILDINGS | ||
| 650 | _aRETAIL DEVELOPMENT | ||
| 650 | _aSCOTLAND | ||
| 690 | _aPLANNING LAW AND PRACTICE | ||
| 942 | _n0 | ||
| 948 | _c16/01/1998 | ||
| 999 |
_c52524 _d52524 |
||